| 000 | 00425nam a22001817a 4500 | ||
|---|---|---|---|
| 005 | 20200319115733.0 | ||
| 008 | 200319b xxu||||| |||| 00| 0 eng d | ||
| 020 | _a9788123906492 | ||
| 041 | _aeng | ||
| 082 | _a615.1 | ||
| 100 |
_aPILLAI, K.K. _95305 |
||
| 245 | _aEXPERIMENTAL PHARMACOLOGY | ||
| 250 | _a1st, Ed. 1999 | ||
| 260 |
_aNEW DELHI _bCBS _c2019 |
||
| 300 | _a124;p x | ||
| 650 |
_aPHARMACY _95322 |
||
| 942 | _cBK | ||
| 999 |
_c6173 _d6171 |
||